Black, Green, Red and White Flags - Statistics

General Stats
  • This quiz has been taken 299 times
    269 since last reset
  • The average score is 7 of 8
Answer Stats
Picture Answer % Correct
Syria
100%
United Arab Emirates
96%
Afghanistan
94%
Iraq
92%
Kuwait
91%
Libya
90%
Jordan
89%
Sudan
86%
No matching quizzes found
Score Distribution
Percent of People with Each Score
Percentile by Number Answered
Your Score History
You have not taken this quiz since the last reset